000 00690nam a2200229Ia 4500
005 20260429111857.0
008 260429s9999||||xx |||||||||||||| ||und||
020 _a9781845933807
041 _aEnglish
082 _a361.37
_bLYO
100 _aLyons, Kevin
245 0 _aJourneys of discovery in Volunteer tourism :
_binternational case study perspectives /
_cKevin Lyons
260 _aOxfordshire :
_bCAB International,
_c2008.
300 _axv, 217 p.; hb
650 _a Community tourism
650 _a International tourism
650 _a Sustainable tourism
650 _a Tourism case studies
650 _aVolunteer tourism
700 _a Wearing, Stephen
942 _cTB
999 _c51238
_d51238